Statistiques concernant Pays ayant 3 fois la meme lettre

Cliquez ici pour prendre le quiz!

Statistiques générales

  • Ce quiz a été pris 128 fois
    (66 depuis la dernière actualisation)
  • Le résultat moyen est 25 sur 39

Statistiques - réponses

HintRéponse% Correct
Amerique du NordCanada
98%
AsieAfghanistan
81%
Amerique du SudParaguay
81%
AfriqueMadagascar
81%
Amerique du NordPanama
77%
Amerique du NordGuatemala
77%
Amerique du SudUruguay
77%
OcéanieNouvelle Zélande
77%
AfriqueR D Congo
77%
AsieKazakhstan
74%
Amerique du SudVénezuela
74%
Amerique du NordNicaragua
72%
Amerique du NordRepublique dominicaine
70%
AfriqueAfrique du Sud
70%
Amérique du NordBahamas
68%
AsieKirghizistan
67%
EuropeRépublique tchèque
67%
Amerique du NordSaint Vincent et les Grenadines
67%
AfriqueRepublique Centrafricaine
65%
AsieArabie Saoudite
63%
OcéaniePapouasie Nouvelle Guinée
63%
Amerique du NordAntigua et Barbuda
63%
Amerique du NordSaint Christophe et Nièves
63%
Amerique du NordTrinité et Tobago
61%
AfriqueSoudan du Sud
60%
AfriqueGuinée Équatoriale
58%
EuropeSuisse
54%
AsieAzerbaidjan
53%
OcéanieKiribati
53%
AsiePhilippines
53%
EuropeLiechtenstein
51%
AfriqueErythree
51%
EuropeBosnie Herzégovine
51%
EuropeKosovo
51%
AfriqueSao Tome et Principe
42%
EuropeMacedoine du Nord
40%
AfriqueSeychelles
37%
AfriqueSierra Leone
35%
AsieEmirats arabes Unis
35%

Distribution des résultats

Percentile par nombre de réponses

% des personnes avec chaque résultat

Votre développement - résultats

Vous n’avez pas pris ce quiz depuis la dernière actualisation